000 00471nam a2200169Ia 4500
005 20250326125338.0
008 250326s9999 xx 000 0 und d
037 _aTextbook
040 _aFMSL
_beng
_cFMSL
041 _aeng
_2eng
084 _aX8(A):(Z227) K8
_qFMSL
245 0 _aIndustrial licensing
260 _aNew Delhi
_bNew Delhi, Indian Investment Centre
_c1968
300 _a42p
942 _cTB
_hX8(A):(Z227) K8
999 _c1277632
_d1277632